[Event "msr26ss"]
[Site "?"]
[Date "2026.03.26"]
[Round "4.1"]
[White "Koska, Jiri"]
[Black "Skreko, Igor"]
[Result "0-1"]
[BlackElo "2204"]
[WhiteElo "2018"]
[LiveChessVersion "1.4.8"]

1. c3 {[%clk 0:10:03]} g6 {[%clk 0:09:59]} 2. Nf3 {[%clk 0:10:03]} Bg7
{[%clk 0:10:00]} 3. d4 {[%clk 0:09:55]} d6 {[%clk 0:09:59]} 4. g3
{[%clk 0:09:55]} Nf6 {[%clk 0:09:58]} 5. Bg2 {[%clk 0:09:56]} O-O
{[%clk 0:09:58]} 6. O-O {[%clk 0:09:55]} Nbd7 {[%clk 0:09:57]} 7. c4
{[%clk 0:09:28]} e5 {[%clk 0:09:57]} 8. e3 {[%clk 0:09:29]} Re8 {[%clk 0:09:52]}
9. Nc3 {[%clk 0:09:29]} Qe7 {[%clk 0:08:46]} 10. b3 {[%clk 0:09:29]} Nf8
{[%clk 0:08:46]} 11. Ba3 {[%clk 0:09:27]} e4 {[%clk 0:08:40]} 12. Nd2
{[%clk 0:09:19]} Bf5 {[%clk 0:08:41]} 13. Rc1 {[%clk 0:08:01]} h5
{[%clk 0:08:29]} 14. h4 {[%clk 0:07:11]} N8h7 {[%clk 0:08:19]} 15. b4
{[%clk 0:03:02]} g5 {[%clk 0:08:14]} 16. hxg5 {[%clk 0:02:58]} Nxg5
{[%clk 0:08:13]} 17. Nd5 {[%clk 0:02:59]} Nxd5 {[%clk 0:08:04]} 18. cxd5
{[%clk 0:03:00]} Bg4 {[%clk 0:07:26]} 19. Qc2 {[%clk 0:03:02]} Rac8
{[%clk 0:06:39]} 20. Nxe4 {[%clk 0:02:32]} Nxe4 {[%clk 0:06:37]} 21. f3
{[%clk 0:02:08]} Nxg3 {[%clk 0:06:29]} 22. fxg4 {[%clk 0:01:52]} Nxf1
{[%clk 0:06:01]} 23. Rxf1 {[%clk 0:01:53]} Qxe3+ {[%clk 0:06:01]} 24. Kh1
{[%clk 0:01:50]} hxg4 {[%clk 0:04:16]} 25. Bc1 {[%clk 0:01:51]} Qg3
{[%clk 0:04:04]} 26. Qd2 {[%clk 0:00:57]} Qh4+ {[%clk 0:03:43]} 27. Kg1
{[%clk 0:00:58]} g3 {[%clk 0:03:42]} 28. Rf4 {[%clk 0:00:25]} Qe7
{[%clk 0:02:44]} 29. Re4 {[%clk 0:00:17]} Qf6 {[%clk 0:02:42]} 30. Rg4
{[%clk 0:00:17]} Qf2+ {[%clk 0:02:30]} 31. Qxf2 {[%clk 0:00:18]} gxf2+
{[%clk 0:02:31]} 32. Kxf2 {[%clk 0:00:19]} Kf8 {[%clk 0:02:29]} 33. Bh3
{[%clk 0:00:15]} Rcd8 {[%clk 0:02:25]} 34. Bg5 {[%clk 0:00:14]} Ra8
{[%clk 0:02:21]} 35. Rf4 {[%clk 0:00:14]} a5 {[%clk 0:02:05]} 36. Be6
{[%clk 0:00:13]} f6 {[%clk 0:02:06]} 37. Bxf6 {[%clk 0:00:05]} Bxf6
{[%clk 0:02:07]} 38. Rxf6+ {[%clk 0:00:06]} Kg7 {[%clk 0:02:07]} 39. Rf7+
{[%clk 0:00:08]} Kg6 {[%clk 0:02:09]} 40. Rxc7 {[%clk 0:00:07]} Rf8+
{[%clk 0:02:00]} 41. Ke3 {[%clk 0:00:09]} axb4 {[%clk 0:02:00]} 42. Rxb7
{[%clk 0:00:10]} Ra3+ {[%clk 0:01:59]} 43. Kd2 {[%clk 0:00:08]} Rf2+
{[%clk 0:01:56]} 44. Kc1 {[%clk 0:00:09]} Raxa2 {[%clk 0:01:39]} 45. Rxb4
{[%clk 0:00:09]} Rf1# {[%clk 0:10:02]} 0-1

[Event "msr26ss"]
[Site "?"]
[Date "2026.03.26"]
[Round "4.2"]
[White "Novomeska, Karin"]
[Black "Jura, Michal"]
[Result "1-0"]
[BlackElo "1945"]
[WhiteElo "2014"]
[LiveChessVersion "1.4.8"]

1. d4 {[%clk 0:10:03]} Nf6 {[%clk 0:10:02]} 2. Nf3 {[%clk 0:10:03]} e6
{[%clk 0:10:02]} 3. Bf4 {[%clk 0:10:02]} b6 {[%clk 0:10:03]} 4. e3
{[%clk 0:10:01]} Bb7 {[%clk 0:10:04]} 5. Nbd2 {[%clk 0:10:00]} c5
{[%clk 0:10:04]} 6. c3 {[%clk 0:10:00]} d5 {[%clk 0:10:04]} 7. Bb5+
{[%clk 0:09:43]} Nbd7 {[%clk 0:10:04]} 8. Ne5 {[%clk 0:09:29]} a6
{[%clk 0:10:01]} 9. Bd3 {[%clk 0:09:28]} Nxe5 {[%clk 0:09:49]} 10. dxe5
{[%clk 0:09:16]} Ne4 {[%clk 0:09:41]} 11. Nxe4 {[%clk 0:07:48]} dxe4
{[%clk 0:09:39]} 12. Bc2 {[%clk 0:07:41]} Qc7 {[%clk 0:09:24]} 13. Qg4
{[%clk 0:07:15]} O-O-O {[%clk 0:08:57]} 14. Bg5 {[%clk 0:06:55]} Rd7
{[%clk 0:07:46]} 15. Bxe4 {[%clk 0:06:51]} Qxe5 {[%clk 0:07:20]} 16. Bxb7+
{[%clk 0:06:44]} Kxb7 17. O-O {[%clk 0:06:14]} h5 {[%clk 0:01:57]} 18. Qf3+
{[%clk 0:05:25]} 1-0

[Event "msr26ss"]
[Site "?"]
[Date "2026.03.26"]
[Round "4.3"]
[White "Tokarcik, Jan"]
[Black "Libich, Oliver"]
[Result "1-0"]
[BlackElo "1985"]
[WhiteElo "1988"]
[LiveChessVersion "1.4.8"]

1. c4 e6 2. Nc3 d5 3. cxd5 exd5 4. d4 c6 5. Nf3 Nf6 6. Bg5 Be7 7. e3 Bf5 8. Bd3
Bxd3 9. Qxd3 O-O 10. O-O Nbd7 11. a3 h6 12. Bh4 Re8 13. b4 a6 14. Ne5 Nxe5 15.
dxe5 Nd7 16. Bg3 Bf8 17. f4 f6 18. e4 dxe4 19. Qxe4 Qc7 20. Rae1 fxe5 21. fxe5
Re6 22. Ne2 c5 23. Nf4 Rxe5 24. Qc4+ Kh7 25. Qc2+ Kg8 26. Ng6 Qb6 27. Nxe5 Nxe5
28. Bxe5 cxb4+ 29. Kh1 bxa3 30. Qa2+ Kh8 31. Rb1 Qc5 32. Ba1 b5 33. Rf3 b4 34.
Qf2 Qc4 35. Rxf8+ Rxf8 36. Qxf8+ Qg8 37. Qxg8+ Kxg8 38. Rxb4 a5 39. Ra4 1-0

[Event "msr26ss"]
[Site "?"]
[Date "2026.03.26"]
[Round "4.4"]
[White "Janovsky, Samuel"]
[Black "Tyssova, Veronika"]
[Result "1-0"]
[BlackElo "1000"]
[WhiteElo "1825"]
[LiveChessVersion "1.4.8"]

1. e4 {[%clk 0:10:02]} e5 {[%clk 0:10:03]} 2. Nf3 {[%clk 0:10:03]} Nc6
{[%clk 0:10:03]} 3. Bb5 {[%clk 0:10:05]} d6 {[%clk 0:09:59]} 4. c3
{[%clk 0:10:05]} Bd7 {[%clk 0:09:54]} 5. d4 {[%clk 0:10:07]} exd4
{[%clk 0:09:50]} 6. cxd4 {[%clk 0:10:08]} Nge7 {[%clk 0:09:44]} 7. O-O
{[%clk 0:10:00]} d5 {[%clk 0:09:41]} 8. e5 {[%clk 0:09:56]} a6 {[%clk 0:09:36]}
9. Ba4 {[%clk 0:09:55]} b5 {[%clk 0:09:32]} 10. Bb3 {[%clk 0:09:56]} Nb4
{[%clk 0:09:03]} 11. Nc3 {[%clk 0:09:41]} c6 {[%clk 0:08:52]} 12. a3
{[%clk 0:09:42]} Qa5 {[%clk 0:08:31]} 13. Bd2 {[%clk 0:09:31]} Nd3
{[%clk 0:08:23]} 14. Nxd5 {[%clk 0:09:02]} Qd8 {[%clk 0:08:06]} 15. Nxe7
{[%clk 0:08:37]} Bxe7 {[%clk 0:08:01]} 16. Qb1 {[%clk 0:08:04]} Bf5
{[%clk 0:07:50]} 17. Bc2 {[%clk 0:08:05]} Be4 {[%clk 0:07:18]} 18. Bxd3
{[%clk 0:07:54]} Bxf3 {[%clk 0:07:16]} 19. gxf3 {[%clk 0:07:55]} Qxd4
{[%clk 0:07:15]} 20. Bc3 {[%clk 0:07:26]} Qh4 {[%clk 0:06:54]} 21. Re1
{[%clk 0:06:28]} Bc5 {[%clk 0:06:50]} 22. Qc2 {[%clk 0:06:18]} Rd8
{[%clk 0:06:27]} 23. Rad1 {[%clk 0:05:49]} O-O {[%clk 0:06:16]} 24. Re4
{[%clk 0:05:30]} Qg5+ {[%clk 0:05:55]} 25. Rg4 {[%clk 0:05:25]} Qh6
{[%clk 0:05:32]} 26. e6 {[%clk 0:05:24]} fxe6 {[%clk 0:05:28]} 27. Rxg7+
{[%clk 0:05:24]} Qxg7+ {[%clk 0:04:58]} 28. Bxg7 {[%clk 0:05:24]} Kxg7
{[%clk 0:04:57]} 29. Qxc5 {[%clk 0:05:23]} Rxf3 {[%clk 0:04:55]} 30. Qe7+
{[%clk 0:05:23]} Kh6 {[%clk 0:04:51]} 31. Qxh7+ {[%clk 0:05:05]} Kg5
{[%clk 0:04:46]} 32. Qg7+ {[%clk 0:04:58]} Kh5 {[%clk 0:04:39]} 33. Bg6+
{[%clk 0:04:55]} Kh4 {[%clk 0:04:38]} 34. Rxd8 {[%clk 0:04:54]} Kg4
{[%clk 0:04:33]} 35. Bh5+ {[%clk 0:04:45]} Kxh5 {[%clk 0:04:31]} 36. Rh8# 1-0

[Event "msr26ss"]
[Site "?"]
[Date "2026.03.26"]
[Round "4.5"]
[White "Mrazik, Lukas"]
[Black "Compel, Daniel"]
[Result "0-1"]
[BlackElo "2136"]
[WhiteElo "1883"]
[LiveChessVersion "1.4.8"]

1. e4 {[%clk 0:10:02]} c5 {[%clk 0:10:03]} 2. Nf3 {[%clk 0:09:59]} d6
{[%clk 0:10:03]} 3. d4 {[%clk 0:10:00]} cxd4 {[%clk 0:10:04]} 4. Nxd4
{[%clk 0:09:59]} Nf6 {[%clk 0:10:03]} 5. Nc3 {[%clk 0:09:55]} a6 {[%clk 0:10:04]}
6. f3 {[%clk 0:09:51]} e5 {[%clk 0:10:04]} 7. Nb3 {[%clk 0:09:51]} Be7
{[%clk 0:10:05]} 8. Be3 {[%clk 0:09:45]} Be6 {[%clk 0:10:06]} 9. Qd2
{[%clk 0:09:38]} h5 {[%clk 0:10:05]} 10. O-O-O {[%clk 0:09:27]} Nbd7
{[%clk 0:10:06]} 11. Bd3 {[%clk 0:08:52]} b5 {[%clk 0:10:03]} 12. h3
{[%clk 0:08:24]} h4 {[%clk 0:09:26]} 13. Rhe1 {[%clk 0:07:41]} Qc7
{[%clk 0:09:26]} 14. Kb1 {[%clk 0:07:17]} Nb6 {[%clk 0:09:18]} 15. Bxb6
{[%clk 0:04:53]} Qxb6 {[%clk 0:09:18]} 16. f4 {[%clk 0:04:43]} Rc8
{[%clk 0:07:07]} 17. Nd5 {[%clk 0:03:28]} Qd8 {[%clk 0:04:24]} 18. fxe5
{[%clk 0:02:07]} dxe5 {[%clk 0:04:24]} 19. Nxe7 {[%clk 0:02:06]} Qxe7
{[%clk 0:04:22]} 20. Qg5 {[%clk 0:02:05]} Bxb3 {[%clk 0:03:49]} 21. axb3
{[%clk 0:01:21]} g6 {[%clk 0:03:35]} 22. Rf1 {[%clk 0:00:55]} Nh5
{[%clk 0:03:30]} 23. Qxe7+ {[%clk 0:00:19]} Kxe7 {[%clk 0:03:31]} 24. Be2
{[%clk 0:00:17]} Nf4 {[%clk 0:03:23]} 25. Bf3 {[%clk 0:00:17]} Rhd8
{[%clk 0:03:17]} 26. Kc1 {[%clk 0:00:15]} Rc7 {[%clk 0:02:52]} 27. Rxd8
{[%clk 0:00:13]} Kxd8 {[%clk 0:02:53]} 28. Rd1+ {[%clk 0:00:14]} Rd7
{[%clk 0:02:39]} 0-1

[Event "msr26ss"]
[Site "?"]
[Date "2026.03.26"]
[Round "4.6"]
[White "Hitka, Dominik"]
[Black "Stelmak, Adam"]
[Result "1-0"]
[BlackElo "1862"]
[WhiteElo "2104"]
[LiveChessVersion "1.4.8"]

1. e4 {[%clk 0:10:01]} c5 {[%clk 0:10:03]} 2. Nc3 {[%clk 0:09:57]} a6
{[%clk 0:10:00]} 3. d4 {[%clk 0:09:58]} cxd4 {[%clk 0:10:00]} 4. Qxd4
{[%clk 0:09:58]} Nc6 {[%clk 0:09:58]} 5. Qe3 {[%clk 0:09:59]} g6 {[%clk 0:09:48]}
6. Bd2 {[%clk 0:09:45]} Bg7 {[%clk 0:09:27]} 7. O-O-O {[%clk 0:09:43]} Nf6
{[%clk 0:09:22]} 8. h3 {[%clk 0:08:52]} d6 {[%clk 0:09:17]} 9. Nd5
{[%clk 0:08:48]} Nd7 {[%clk 0:06:41]} 10. Bc3 {[%clk 0:08:36]} O-O
{[%clk 0:05:58]} 11. Bxg7 {[%clk 0:08:26]} Kxg7 {[%clk 0:05:59]} 12. f4
{[%clk 0:08:02]} Qa5 {[%clk 0:05:34]} 13. Qc3+ {[%clk 0:07:52]} Qxc3
{[%clk 0:05:25]} 14. Nxc3 {[%clk 0:07:53]} b5 {[%clk 0:04:48]} 15. Nf3
{[%clk 0:07:39]} Nc5 {[%clk 0:04:33]} 16. Bd3 {[%clk 0:07:22]} Bb7
{[%clk 0:04:17]} 17. Rhe1 {[%clk 0:07:19]} Rac8 {[%clk 0:04:08]} 18. Kb1
{[%clk 0:06:53]} Rfd8 {[%clk 0:03:53]} 19. Ne2 {[%clk 0:06:08]} Rc7
{[%clk 0:03:20]} 20. Nfd4 {[%clk 0:05:47]} Rdc8 {[%clk 0:02:51]} 21. Nxc6
{[%clk 0:05:27]} Rxc6 {[%clk 0:02:27]} 22. Nd4 {[%clk 0:05:26]} R6c7
{[%clk 0:02:26]} 23. g4 {[%clk 0:04:13]} e5 {[%clk 0:01:42]} 24. fxe5
{[%clk 0:03:51]} dxe5 25. Nf3 {[%clk 0:03:35]} Nxd3 {[%clk 0:01:33]} 26. cxd3
{[%clk 0:03:30]} f6 {[%clk 0:01:28]} 27. g5 {[%clk 0:03:28]} Rc2 {[%clk 0:01:09]}
28. Rf1 {[%clk 0:03:11]} fxg5 {[%clk 0:00:49]} 29. Nxg5 {[%clk 0:03:00]} Rh2
{[%clk 0:00:24]} 30. Rc1 {[%clk 0:02:24]} Rxc1+ {[%clk 0:00:25]} 31. Rxc1
{[%clk 0:02:25]} Rg2 {[%clk 0:00:25]} 32. Rc7+ {[%clk 0:02:19]} Kf6
{[%clk 0:00:06]} 33. Nxh7+ {[%clk 0:02:20]} 1-0

[Event "msr26ss"]
[Site "?"]
[Date "2026.03.26"]
[Round "4.7"]
[White "Polomsky, Tomas"]
[Black "Lakota, Jan"]
[Result "1-0"]
[BlackElo "1878"]
[WhiteElo "1923"]
[LiveChessVersion "1.4.8"]

1. d4 {[%clk 0:10:02]} d5 {[%clk 0:10:03]} 2. Nf3 {[%clk 0:10:03]} Nf6
{[%clk 0:10:03]} 3. e3 {[%clk 0:10:05]} c5 {[%clk 0:10:03]} 4. c3
{[%clk 0:10:06]} Nc6 {[%clk 0:10:03]} 5. Bd3 {[%clk 0:10:07]} Bg4
{[%clk 0:09:59]} 6. Nbd2 {[%clk 0:09:44]} e5 {[%clk 0:09:07]} 7. dxe5
{[%clk 0:09:30]} Nxe5 {[%clk 0:09:04]} 8. Be2 {[%clk 0:09:09]} Nxf3+
{[%clk 0:07:51]} 9. Bxf3 {[%clk 0:08:49]} Bxf3 {[%clk 0:07:51]} 10. Qxf3
{[%clk 0:08:48]} Be7 {[%clk 0:07:45]} 11. O-O {[%clk 0:08:42]} O-O
{[%clk 0:07:36]} 12. e4 {[%clk 0:08:34]} dxe4 {[%clk 0:05:55]} 13. Nxe4
{[%clk 0:08:33]} Qc7 {[%clk 0:05:55]} 14. Bf4 {[%clk 0:07:20]} Qc6
{[%clk 0:05:52]} 15. Nxf6+ {[%clk 0:07:03]} Bxf6 {[%clk 0:05:52]} 16. Qxc6
{[%clk 0:06:35]} bxc6 {[%clk 0:05:44]} 17. Rad1 {[%clk 0:05:47]} Rfd8
{[%clk 0:05:41]} 18. Rfe1 {[%clk 0:05:20]} c4 {[%clk 0:05:20]} 19. Kf1
{[%clk 0:05:08]} Rxd1 {[%clk 0:04:05]} 20. Rxd1 {[%clk 0:05:08]} Rd8
{[%clk 0:04:06]} 21. Rxd8+ {[%clk 0:04:49]} Bxd8 {[%clk 0:04:06]} 22. Ke2
{[%clk 0:04:39]} f5 {[%clk 0:04:07]} 23. Be5 {[%clk 0:02:46]} Kf7
{[%clk 0:02:34]} 24. Ke3 {[%clk 0:02:21]} Bb6+ {[%clk 0:01:47]} 25. Bd4
{[%clk 0:02:16]} Bc7 {[%clk 0:01:47]} 26. Bxa7 {[%clk 0:01:55]} Be5
{[%clk 0:01:39]} 27. Bb6 {[%clk 0:01:03]} Ke6 {[%clk 0:01:36]} 28. Bd4
{[%clk 0:00:51]} Bxh2 {[%clk 0:01:05]} 29. g3 {[%clk 0:00:40]} g5
{[%clk 0:01:01]} 30. Kf3 {[%clk 0:00:38]} f4 {[%clk 0:01:02]} 31. Kg2
{[%clk 0:00:37]} fxg3 {[%clk 0:00:56]} 32. fxg3 {[%clk 0:00:36]} Bxg3
{[%clk 0:00:49]} 33. Kxg3 {[%clk 0:00:37]} h5 {[%clk 0:00:45]} 34. Be3
{[%clk 0:00:24]} Kf5 {[%clk 0:00:34]} 35. Bxg5 {[%clk 0:00:19]} Kxg5 36. a4 h4+
{[%clk 0:00:28]} 37. Kh3 {[%clk 0:00:19]} Kf4 {[%clk 0:00:30]} 38. a5
{[%clk 0:00:20]} Ke3 {[%clk 0:00:30]} 39. a6 {[%clk 0:00:21]} Kd2
{[%clk 0:00:32]} 40. a7 {[%clk 0:00:22]} Kc2 {[%clk 0:00:32]} 41. a8=Q
{[%clk 0:00:23]} Kxb2 {[%clk 0:00:33]} 42. Qa5 {[%clk 0:00:23]} c5
{[%clk 0:00:31]} 43. Kxh4 {[%clk 0:00:23]} Kb3 {[%clk 0:00:31]} 44. Kg4
{[%clk 0:00:24]} Kc2 {[%clk 0:00:32]} 45. Kf4 {[%clk 0:00:25]} Kd3
{[%clk 0:00:34]} 46. Qxc5 {[%clk 0:00:24]} Kxc3 {[%clk 0:00:34]} 47. Ke4
{[%clk 0:00:25]} Kb3 {[%clk 0:00:30]} 48. Kd4 {[%clk 0:00:26]} Kb2
{[%clk 0:00:24]} 49. Qxc4 {[%clk 0:00:26]} 1-0

[Event "msr26ss"]
[Site "?"]
[Date "2026.03.26"]
[Round "4.8"]
[White "Kovarova, Zuzana"]
[Black "Sugarova, Natalia"]
[Result "1-0"]
[BlackElo "1000"]
[WhiteElo "1607"]
[LiveChessVersion "1.4.8"]

1. d4 {[%clk 0:10:03]} d5 {[%clk 0:10:02]} 2. c4 {[%clk 0:10:03]} e6
{[%clk 0:10:02]} 3. Nc3 {[%clk 0:10:04]} Nf6 {[%clk 0:10:02]} 4. Nf3
{[%clk 0:10:05]} b6 {[%clk 0:09:53]} 5. Bg5 {[%clk 0:10:05]} h6 {[%clk 0:09:53]}
6. Bh4 {[%clk 0:10:05]} Bb7 {[%clk 0:09:51]} 7. e3 {[%clk 0:10:03]} Bb4
{[%clk 0:09:39]} 8. Bd3 {[%clk 0:08:25]} Bxc3+ {[%clk 0:09:32]} 9. bxc3
{[%clk 0:08:26]} Ba6 {[%clk 0:08:44]} 10. cxd5 {[%clk 0:07:56]} Bxd3
{[%clk 0:07:57]} 11. Qxd3 {[%clk 0:07:56]} Qxd5 {[%clk 0:07:36]} 12. Bxf6
{[%clk 0:07:43]} gxf6 {[%clk 0:07:20]} 13. O-O {[%clk 0:06:51]} Rg8
{[%clk 0:07:08]} 14. Qh7 {[%clk 0:05:47]} Rg6 {[%clk 0:06:01]} 15. Kh1
{[%clk 0:04:49]} Qe4 {[%clk 0:05:21]} 16. Qh8+ {[%clk 0:03:54]} Ke7
{[%clk 0:05:03]} 17. Qc8 {[%clk 0:03:35]} Nd7 {[%clk 0:04:06]} 18. Qxc7
{[%clk 0:03:04]} Qg4 {[%clk 0:03:11]} 19. Rg1 {[%clk 0:02:42]} Rag8
{[%clk 0:02:20]} 20. Qxa7 {[%clk 0:01:30]} h5 {[%clk 0:01:57]} 21. h3
{[%clk 0:01:01]} Qe4 {[%clk 0:00:45]} 22. Qa3+ {[%clk 0:00:55]} Kd8
{[%clk 0:00:28]} 23. Qd6 {[%clk 0:00:32]} Qd3 {[%clk 0:00:13]} 24. Rab1
{[%clk 0:00:24]} b5 {[%clk 0:00:06]} 25. Qb4 {[%clk 0:00:21]} Qc2
{[%clk 0:00:04]} 26. Rbf1 {[%clk 0:00:16]} Qxa2 {[%clk 0:00:05]} 27. Qxb5
{[%clk 0:00:17]} Ke7 28. Qb4+ {[%clk 0:00:17]} Kd8 {[%clk 0:00:06]} 29. Qb1
{[%clk 0:00:14]} Qc4 {[%clk 0:00:06]} 30. Rc1 {[%clk 0:00:14]} e5
{[%clk 0:00:06]} 31. dxe5 {[%clk 0:00:14]} fxe5 {[%clk 0:00:07]} 32. Nxe5
{[%clk 0:00:13]} Nxe5 {[%clk 0:00:07]} 33. Rcd1+ {[%clk 0:00:11]} Ke7
{[%clk 0:00:08]} 34. Qb7+ {[%clk 0:00:09]} Kf6 {[%clk 0:00:08]} 35. Qb4
{[%clk 0:00:06]} Qxb4 {[%clk 0:00:08]} 36. cxb4 {[%clk 0:00:08]} Rb8
{[%clk 0:00:08]} 37. Rb1 {[%clk 0:00:09]} Nd3 {[%clk 0:00:08]} 38. Rgf1
{[%clk 0:00:09]} Rxb4 {[%clk 0:00:07]} 39. Rxb4 {[%clk 0:00:10]} Nxb4
{[%clk 0:00:08]} 40. Kg1 {[%clk 0:00:09]} Nd3 {[%clk 0:00:08]} 41. Rd1
{[%clk 0:00:09]} Ne5 {[%clk 0:00:08]} 42. Rd6+ {[%clk 0:00:10]} Kf5
{[%clk 0:00:08]} 43. Rd5 {[%clk 0:00:07]} f6 {[%clk 0:00:08]} 44. Rd6
{[%clk 0:00:08]} Ke4 {[%clk 0:00:08]} 45. Kf1 {[%clk 0:00:08]} Nc4
{[%clk 0:00:08]} 46. Rc6 {[%clk 0:00:07]} Nd2+ {[%clk 0:00:08]} 47. Kg1
{[%clk 0:00:08]} Nb3 {[%clk 0:00:07]} 48. Rc4+ {[%clk 0:00:08]} Kd3
{[%clk 0:00:08]} 49. Rb4 {[%clk 0:00:09]} Nd2 {[%clk 0:00:09]} 50. Rb6
{[%clk 0:00:09]} Ke2 {[%clk 0:00:09]} 51. Rb2 {[%clk 0:00:10]} f5
{[%clk 0:00:09]} 52. f3 {[%clk 0:00:08]} Kxe3 {[%clk 0:00:08]} 53. Kh1
{[%clk 0:01:04]} Rg5 {[%clk 0:00:07]} 54. Rb5 {[%clk 0:01:05]} Kf4
{[%clk 0:00:06]} 55. Rb2 {[%clk 0:01:03]} Ke3 {[%clk 0:00:07]} 56. Rb5
{[%clk 0:01:02]} h4 {[%clk 0:00:07]} 57. Rb2 {[%clk 0:00:58]} Ke2
{[%clk 0:00:07]} 58. Kh2 {[%clk 0:00:56]} Ke3 {[%clk 0:00:07]} 59. Kg1
{[%clk 0:00:53]} Nxf3+ {[%clk 0:00:07]} 60. Kh1 {[%clk 0:00:45]} Nd4
{[%clk 0:00:07]} 61. Rb4 {[%clk 0:00:34]} f4 {[%clk 0:00:07]} 62. Rb2
{[%clk 0:00:34]} f3 {[%clk 0:00:08]} 63. gxf3 {[%clk 0:00:33]} Nxf3
{[%clk 0:00:08]} 64. Rb3+ {[%clk 0:00:35]} Kf2 {[%clk 0:00:08]} 65. Rb1
{[%clk 0:00:32]} Rg3 {[%clk 0:00:07]} 66. Rb2+ {[%clk 0:00:28]} Ke3
{[%clk 0:00:08]} 67. Rb3+ {[%clk 0:00:27]} Kf4 {[%clk 0:00:08]} 68. Rb4+
{[%clk 0:00:27]} Kf5 {[%clk 0:00:08]} 69. Rb5+ {[%clk 0:00:26]} Ne5
{[%clk 0:00:08]} 70. Kh2 {[%clk 0:00:25]} Re3 {[%clk 0:00:08]} 71. Rb4
{[%clk 0:00:22]} Re4 {[%clk 0:00:09]} 72. Rb3 {[%clk 0:00:19]} Kf4
{[%clk 0:00:07]} 73. Rc3 {[%clk 0:00:17]} Re2+ {[%clk 0:00:06]} 74. Kg1
{[%clk 0:01:10]} Nf3+ {[%clk 0:00:04]} 75. Kf1 {[%clk 0:01:03]} Kg3
{[%clk 0:00:04]} 76. Kxe2 {[%clk 0:01:04]} Kxh3 {[%clk 0:00:03]} 77. Rxf3+
{[%clk 0:01:03]} Kg2 {[%clk 0:00:04]} 78. Rf2+ {[%clk 0:00:51]} Kg3
{[%clk 0:00:05]} 79. Kf1 {[%clk 0:00:49]} h3 {[%clk 0:00:06]} 80. Kg1
{[%clk 0:00:51]} Kh4 {[%clk 0:00:05]} 81. Rh2 {[%clk 0:00:52]} Kg3
{[%clk 0:00:06]} 82. Rh1 {[%clk 0:00:44]} Kh4 {[%clk 0:00:04]} 83. Kh2
{[%clk 0:00:46]} Kg4 {[%clk 0:00:05]} 84. Rg1+ {[%clk 0:00:47]} Kh4
{[%clk 0:00:06]} 85. Rg3 {[%clk 0:00:48]} Kh5 {[%clk 0:00:05]} 86. Rxh3+
{[%clk 0:00:49]} 1-0

[Event "msr26ss"]
[Site "?"]
[Date "2026.03.26"]
[Round "4.9"]
[White "Malaschitz, Teodor"]
[Black "Kudela, Oliver"]
[Result "0-1"]
[BlackElo "2024"]
[WhiteElo "1903"]
[LiveChessVersion "1.4.8"]

1. e4 {[%clk 0:10:03]} c5 {[%clk 0:10:03]} 2. Nf3 {[%clk 0:10:04]} e6
{[%clk 0:10:03]} 3. d4 {[%clk 0:10:05]} cxd4 {[%clk 0:10:05]} 4. Nxd4
{[%clk 0:10:06]} Nc6 {[%clk 0:10:06]} 5. Nc3 {[%clk 0:10:05]} Qc7
{[%clk 0:10:07]} 6. Be3 {[%clk 0:09:59]} a6 {[%clk 0:10:08]} 7. Bd3
{[%clk 0:09:56]} Nf6 {[%clk 0:10:09]} 8. O-O {[%clk 0:09:49]} Be7
{[%clk 0:10:08]} 9. Nxc6 {[%clk 0:09:47]} bxc6 {[%clk 0:10:07]} 10. f4
{[%clk 0:09:48]} d6 {[%clk 0:10:07]} 11. h3 {[%clk 0:09:35]} O-O {[%clk 0:10:07]}
12. b3 {[%clk 0:09:29]} Nd7 {[%clk 0:10:04]} 13. Na4 {[%clk 0:09:19]} Bf6
{[%clk 0:09:53]} 14. Rb1 {[%clk 0:09:04]} Bb7 {[%clk 0:09:47]} 15. Bc1
{[%clk 0:09:04]} c5 {[%clk 0:09:37]} 16. Bb2 {[%clk 0:09:01]} Bc6
{[%clk 0:09:11]} 17. Bxf6 {[%clk 0:08:52]} Nxf6 {[%clk 0:09:11]} 18. Nc3
{[%clk 0:08:52]} Qb7 {[%clk 0:09:04]} 19. e5 {[%clk 0:08:30]} Ne4
{[%clk 0:07:00]} 20. Nxe4 {[%clk 0:08:19]} Bxe4 {[%clk 0:07:01]} 21. Bxe4
{[%clk 0:08:17]} Qxe4 {[%clk 0:07:02]} 22. Qd3 {[%clk 0:06:44]} Qxd3
{[%clk 0:06:51]} 23. cxd3 {[%clk 0:06:45]} dxe5 {[%clk 0:06:52]} 24. fxe5
{[%clk 0:06:46]} Rfd8 {[%clk 0:06:52]} 25. Rbc1 {[%clk 0:06:39]} Rd5
{[%clk 0:06:45]} 26. Rfe1 {[%clk 0:06:33]} Rad8 {[%clk 0:06:44]} 27. Re2
{[%clk 0:06:24]} g5 {[%clk 0:06:33]} 28. Kf2 {[%clk 0:06:20]} Kg7
{[%clk 0:06:32]} 29. g4 {[%clk 0:06:21]} Rxd3 {[%clk 0:06:30]} 30. Rxc5
{[%clk 0:06:19]} Rxh3 {[%clk 0:06:30]} 31. Rc6 {[%clk 0:06:10]} Ra8
{[%clk 0:06:17]} 32. Kg2 {[%clk 0:06:07]} Rd3 {[%clk 0:06:15]} 33. Rc7
{[%clk 0:06:05]} Rd4 {[%clk 0:06:10]} 34. Kg3 {[%clk 0:06:01]} Rf4
{[%clk 0:06:07]} 35. Rd2 {[%clk 0:05:41]} a5 {[%clk 0:05:47]} 36. a3
{[%clk 0:05:22]} Re4 {[%clk 0:04:56]} 37. Rdd7 {[%clk 0:05:21]} Rf8
{[%clk 0:04:53]} 38. Kf3 {[%clk 0:05:16]} Rxe5 {[%clk 0:04:52]} 39. Ra7
{[%clk 0:05:06]} Rb5 {[%clk 0:04:50]} 40. Ke4 {[%clk 0:05:00]} Rxb3
{[%clk 0:04:45]} 41. Rxa5 {[%clk 0:04:59]} Kg6 {[%clk 0:04:39]} 42. Ra6
{[%clk 0:04:58]} h5 {[%clk 0:04:23]} 43. gxh5+ {[%clk 0:04:41]} Kxh5
{[%clk 0:04:23]} 44. Rd2 {[%clk 0:04:41]} f5+ {[%clk 0:04:22]} 45. Ke5
{[%clk 0:04:42]} Re3+ {[%clk 0:04:22]} 46. Kd6 {[%clk 0:04:43]} Rd8+
{[%clk 0:04:22]} 0-1